Najdroższy piłkarz z każdego klubu LaLigi - styczeń 2026 - Statystyki

Ogólne statystyki
  • Ten quiz został rozwiązany 292 razy
    48 od ostatniego zresetowania
  • Średni wynik to 5 z 20
Statystyki odpowiedzi
KLUB PIŁKARZ % Poprawnych
FC Barcelona 200 mln Lamine Yamal
98%
Athletic Bilbao 60 mln Nico Williams
93%
Atlético Madryt 100 mln Julián Alvarez
90%
Real Madryt 200 mln Kylian Mbappé
90%
Real Betis 30 mln Antony
60%
Real Sociedad 30 mln Takefusa Kubo
26%
Levante 20 mln Karl Etta Eyong
10%
RCD Espanyol 15 mln Omar El Hilali Carlos Romero
10%
Villareal CF 30 mln Alberto Moleiro
7%
Valencia CF 25 mln Javi Guerra
7%
Getafe CF 10 mln Mauro Arambarri
5%
Celta Vigo 18 mln Óscar Mingueza
5%
Elche 15 mln Rodrigo Mendoza
5%
RCD Mallorca 15 mln Samú Costa
5%
Girona FC 30 mln Vitor Reis
5%
Rayo Vallecano 18 mln Andrei Rațiu
2%
Real Oviedo 10 mln David Carmo
2%
CA Osasuna 20 mln Enzo Boyomo
2%
Sevilla FC 15 mln Juanlu Sánchez
2%
Deportivo Alavés 10 mln Antonio Blanco
0%
Nie znaleziono quizów pasujących do podanych kryteriów
Rozkład punktacji
Procent ludzi z każdym wynikiem
Percentyl według liczby udzielonych odpowiedzi
Twoja historia wyników
Nie rozwiązałeś tego quizu od ostatniego zresetowania